UBT Library

The Chemical Weapons Convention : (Record no. 449)

000 -LEADER
fixed length control field 00659nam a22002057a 4500
005 - DATE AND TIME OF LATEST TRANSACTION
control field 20140517081429.0
008 - FIXED-LENGTH DATA ELEMENTS--GENERAL INFORMATION
fixed length control field 060411s2006 ja b 101 0 eng
020 ## - INTERNATIONAL STANDARD BOOK NUMBER
International Standard Book Number 9280811231
024 #0 - OTHER STANDARD IDENTIFIER
Terms of availability eng
080 ## - UNIVERSAL DECIMAL CLASSIFICATION NUMBER
Universal Decimal Classification number 623.459
245 04 - TITLE STATEMENT
Title The Chemical Weapons Convention :
Statement of responsibility, etc edited by Ramesh Thakur and Ere Haru.
260 ## -
-- Tokyo ;
-- New York :
-- United Nations University Press,
-- 2006.
300 ## -
-- 190 f. ;
-- 23 cm.
504 ## - BIBLIOGRAPHY, ETC. NOTE
Bibliography, etc Includes bibliographical references and index.
650 #0 -
-- Kontrolli i armëve
700 1# -
-- Thakur, Ramesh Chandra,
700 1# -
-- Haru, Ere.
906 ## - LOCAL DATA ELEMENT F, LDF (RLIN)
d 1
942 ## - ADDED ENTRY ELEMENTS (KOHA)
Source of classification or shelving scheme
Item type Books
Holdings
Withdrawn status Lost status Source of classification or shelving scheme Damaged status Not for loan Collection code Permanent location Current location Shelving location Date acquired Total Checkouts Full call number Barcode Date last seen Koha item type
          Koleksioni i përgjithshem UBT - Ferizaj UBT - Ferizaj Koleksioni i përgjithshem 05/17/2014   623.459 THE 003000411 05/17/2014 Books
          Koleksioni i përgjithshem UBT - Ferizaj UBT - Ferizaj Koleksioni i përgjithshem 05/17/2014   623.459 THE 003000412 05/17/2014 Books
          Koleksioni i përgjithshem UBT - Ferizaj UBT - Ferizaj Koleksioni i përgjithshem 05/17/2014   623.459 THE 003000413 05/17/2014 Books
          Koleksioni i përgjithshem UBT - Ferizaj UBT - Ferizaj Koleksioni i përgjithshem 05/17/2014   623.459 THE 003000414 05/17/2014 Books
          Koleksioni i përgjithshem UBT - Ferizaj UBT - Ferizaj Koleksioni i përgjithshem 05/17/2014   623.459 THE 003000415 05/17/2014 Books
          Koleksioni i përgjithshem UBT - Ferizaj UBT - Ferizaj Koleksioni i përgjithshem 05/17/2014   623.459 THE 003000416 05/17/2014 Books
          Koleksioni i përgjithshem UBT - Ferizaj UBT - Ferizaj Koleksioni i përgjithshem 05/17/2014   623.459 THE 003000417 05/17/2014 Books
          Koleksioni i përgjithshem UBT - Ferizaj UBT - Ferizaj Koleksioni i përgjithshem 05/17/2014   623.459 THE 003000418 05/17/2014 Books
          Koleksioni i përgjithshem UBT - Ferizaj UBT - Ferizaj Koleksioni i përgjithshem 05/17/2014   623.459 THE 003000419 05/17/2014 Books
          Koleksioni i përgjithshem UBT - Ferizaj UBT - Ferizaj Koleksioni i përgjithshem 05/17/2014   623.459 THE 003000420 05/17/2014 Books
UBT Library © 2015-2024. All rights reserved University Education for Business and Technology